000 00699nam a22002297a 4500
003 OSt
005 20140310182809.0
008 130218t xxu||||| |||| 00| 0 eng d
020 _a0201526417
050 _aQA 76.73.C153
_b.F65 1999
082 _aQA 76.73 C153
_b.F65 1999
245 _aFile structures : an object-oriented approach with C++. /
_c Michael J. Folk, Bill Zoellick, Greg Riccardi
260 _aReading, Mass.
_bAddison-Wesley
_c1999
300 _a724 p. :
_c20 cm
_bill ;
521 _aIT
526 _c
562 _e1
650 _a1. C++ ( Computer program language )
650 _a2. File organization ( Computer science )
942 _2lcc
_cBK
_kFOR
999 _c16142
_d16142